| 000 | 00310 a2200121 4500 | ||
|---|---|---|---|
| 020 | _a1575212501 | ||
| 040 |
_aDLC _bDLC |
||
| 100 | 1 | 0 | _aSmith, Ed. |
| 245 | 1 | 0 |
_aWeb commerce unleashed _cEd Smith & Amy Helen Johnson. |
| 260 | 0 |
_bSams Net, _c1997. |
|
| 700 | 1 | 0 | _aJohnson, Amy Helen. |
| 942 |
_cBK _k006.7876 AGN _2ddc |
||
| 999 |
_c6794 _d6794 |
||